Last Word Movie Mix-Up Quiz Stats

 Plays Quiz Updated Jun 23, 2018

Challenge
Share
Tweet
Embed
Score 0/30 Timer 05:00
0 Plays Today
Movie With Wrong Last Word Correct Last Word % Correct
My Big Fat Greek GoatsWedding
96.1%
Girls Just Want to Have ChocolateFun
96.1%
Snow White and the Seven NutsDwarfs
96%
The 40-Year-Old BabyVirgin
95.9%
The Good, the Bad, and the ProfessionalUgly
95.8%
The Silence of the MenLambs
95.5%
The Shawshank LifeRedemption
95.2%
Of Mice and FunMen
94.4%
It's a Wonderful FutureLife
94.4%
Back to the WeddingFuture
93.7%
He's Just Not That Into DwarfsYou
92.5%
You've Got EternityMail
91.2%
The Usual YouSuspects
90.9%
Eat Pray RedemptionLove
90.3%
Gentlemen Prefer FacesBlondes
89.9%
Movie With Wrong Last Word Correct Last Word % Correct
Free VirginWilly
88.8%
Seven Year SenseItch
88.5%
From Here to LoveEternity
86.4%
The Men Who Stare at Suspects Goats
85%
Dangerous LambsMinds
79.1%
Bringing Up Willy!Baby
78.2%
Barton StiffFink
75.6%
Léon: The FinkProfessional
75.4%
Eight-Legged ItchFreaks
75.4%
Angels with Dirty MailFaces
71.9%
Like Water for BlondesChocolate
67.9%
Scared UglyStiff
66.2%
Mixed FreaksNuts
63.6%
Stop Making LunchSense
62.9%
Naked MindsLunch
60%

You're not logged in!

Compare scores with friends on all Sporcle quizzes.
OR
Log In

You Might Also Like...

Show Comments

Extras

Top Quizzes Today


Score Distribution

Your Account Isn't Verified!

In order to create a playlist on Sporcle, you need to verify the email address you used during registration. Go to your Sporcle Settings to finish the process.

Report this User

Report this user for behavior that violates our Community Guidelines.

Details: